Catálogo
 En Linea

La ciencia de la autorealización. (Registro nro. 23756)

Detalles MARC
000 -CABECERA
campo de control de longitud fija 00691nam a2200205 a 4500
001 - NÚMERO DE CONTROL
campo de control 000024262
005 - FECHA Y HORA DE LA ÚLTIMA TRANSACCIÓN
campo de control 20200930022846.0
008 - DATOS DE LONGITUD FIJA--INFORMACIÓN GENERAL
campo de control de longitud fija 110125s1980 xxuc r 001 0 spa d
020 ## - NÚMERO INTERNACIONAL ESTÁNDAR DEL LIBRO
Número Internacional Estándar del Libro 0892131500
040 ## - FUENTE DE LA CATALOGACIÓN
Centro catalogador/agencia de origen DO-SdBNP
Lengua de catalogación spa
Centro/agencia transcriptor BNPHU
082 ## - NÚMERO DE LA CLASIFICACIÓN DECIMAL DEWEY
Número de clasificación xxxx
Número de documento/Ítem C569a
049 ## - FONDOS LOCALES (OCLC)
Fondos de biblioteca BNGR
245 03 - MENCIÓN DE TÍTULO
Título La ciencia de la autorealización.
260 ## - PUBLICACIÓN, DISTRIBUCIÓN, ETC.
Lugar de publicación, distribución, etc. Los Ángeles, Estados Unidos :
Nombre del editor, distribuidor, etc. Bhaktivedanta Book trust,
Fecha de publicación, distribución, etc. 1980.
300 ## - DESCRIPCIÓN FÍSICA
Extensión xx, 312 p. ;
Dimensiones 22.5 cm.
500 ## - NOTA GENERAL
Nota general En la portada: Su divina gracia A. C. Bhaktivedanta Swami Prabhupáda.
500 ## - NOTA GENERAL
Nota general En la portada Toda la gloria a sri guru y gauránga.
500 ## - NOTA GENERAL
Nota general Incluye índice alfabético.
500 ## - NOTA GENERAL
Nota general Incluye glosario de términos.
Existencias
Estado de retiro Estado de pérdida Restricciones de uso No para préstamo Código de colección Localización permanente Ubicación/localización actual Ubicación en estantería Fecha de adquisición Número de inventario Total de préstamos Signatura topográfica completa Código de barras Fecha visto por última vez Precio válido a partir de Tipo de ítem Koha
        Monografías: Libros y Folletos General General En catalogación 25.01.2011 LF1   xxxx C569a 24262-10 25.06.2020 25.06.2020 Préstamo en sala

Con tecnología Koha